000 00982cab a22002535a 4500
001 L143572
008 080520e20080516xxkad f 000 0 eng d
035 _a(Sirsi) u143572
041 0 _aeng
100 1 _aJones, Mark
245 0 0 _aLegal special: the OFT and us
260 _c2008
490 0 _aBuilding
_v274(8529), 16 May 2008, 62-65(4)
520 _aAnalyses the background to the OFT's investigation into bid rigging or contract rigging in the building and construction sector. Discusses what should happen to the 112 firms accused by the OFT of cover pricing and whether or not the OFT has mixed up cover pricing with bid rigging. Considers how the OFT's statement of objections will affect the 112 companies.
590 _aKA
650 2 4 _aCOMPETITIONS ACT 1998
650 2 4 _aENERPRISE ACT 2002
651 4 _aUnited Kingdom
_y
690 _aProcurement
_96260
700 1 _aKlein, Rudi
700 1 _aBingham, Tony
700 1 _aAdkins, Bernadine
942 _n0
999 _c80224
_d80224